[Event "CZE-chT U18 Extraliga final-A 1819"]
[Site "Czech Republic"]
[Date "2019.04.13"]
[Round "10.1"]
[White "Chwistek, Karel"]
[Black "Skalsky, Alexandr"]
[Result "1/2-1/2"]
[WhiteElo "1940"]
[BlackElo "2240"]
[PlyCount "55"]
[EventDate "2018.10.05"]
[EventType "team-tourn"]
[EventRounds "11"]
[EventCountry "CZE"]
[SourceTitle "EXT 2023"]
[Source "ChessBase"]
[SourceDate "2022.10.05"]
[SourceVersion "1"]
[SourceVersionDate "2022.10.05"]
[SourceQuality "1"]
[WhiteTeam "Ricany (U18)"]
[BlackTeam "Stare Mesto (U18)"]
[WhiteTeamCountry "CZE"]
[BlackTeamCountry "CZE"]

1. e4 c5 2. Nc3 Nc6 3. f4 g6 4. Nf3 Bg7 5. d3 d6 6. g3 e5 7. Bg2 Nge7 8. 0-0 0-0 9. Be3 Nd4 10. Rb1 Qa5 11. a3 b5 12. b4 cxb4 13. axb4 Qb6 14. Kh1 Bg4 15. Ne2 Qc7 16. Bxd4 exd4 17. Qd2 Rac8 18. Nexd4 Bxf3 19. Nxf3 Qxc2 20. Rfc1 Qxd2 21. Nxd2 Rxc1+ 22. Rxc1 Rc8 23. Rxc8+ Nxc8 24. Bh3 Ne7 25. Bd7 Bc3 26. Nb1 Bxb4 27. Bxb5 Nc8 28. Ba6 1/2-1/2

[Event "CZE-chT U18 Extraliga West 1819"]
[Site "Czech Republic"]
[Date "2019.01.19"]
[Round "6.1"]
[White "Chwistek, Karel"]
[Black "Haase, Pavel"]
[Result "1-0"]
[WhiteElo "1940"]
[BlackElo "2128"]
[PlyCount "57"]
[EventDate "2018.10.05"]
[EventType "team-tourn"]
[EventRounds "11"]
[EventCountry "CZE"]
[SourceTitle "EXT 2023"]
[Source "ChessBase"]
[SourceDate "2022.10.05"]
[SourceVersion "1"]
[SourceVersionDate "2022.10.05"]
[SourceQuality "1"]
[WhiteTeam "Ricany (U18)"]
[BlackTeam "Praha Porg (U18)"]
[WhiteTeamCountry "CZE"]
[BlackTeamCountry "CZE"]

1. c4 f5 2. Nc3 Nf6 3. g3 e5 4. Bg2 Nc6 5. d3 Bc5 6. e3 0-0 7. Nge2 Re8 8. 0-0 Bf8 9. Nd5 d6 10. Nec3 Ne7 11. Nxf6+ gxf6 12. b4 c6 13. a4 Be6 14. b5 Qd7 15. a5 d5 16. a6 cxb5 17. axb7 Qxb7 18. Nxb5 Qd7 19. Ba3 a6 20. Nc3 dxc4 21. Bxa8 Rxa8 22. dxc4 Qc6 23. Bxe7 Bxe7 24. Nd5 Bd8 25. Qa4 Rc8 26. Qxa6 Qxa6 27. Rxa6 Bd7 28. Rd6 Ba4 29. Nxf6+ 1-0

[Event "CZE-chT2F 1819"]
[Site "Czech Republic"]
[Date "2019.01.13"]
[Round "6.7"]
[White "Chwistek, Karel"]
[Black "Zimniok, Lubomir"]
[Result "0-1"]
[WhiteElo "2044"]
[BlackElo "1991"]
[PlyCount "70"]
[EventDate "2018.10.14"]
[EventType "team-tourn"]
[EventRounds "11"]
[EventCountry "CZE"]
[SourceTitle "EXT 2022"]
[Source "ChessBase"]
[SourceDate "2021.10.06"]
[SourceVersion "1"]
[SourceVersionDate "2021.10.06"]
[SourceQuality "1"]
[WhiteTeam "Opava KVS"]
[BlackTeam "Karvina"]
[WhiteTeamCountry "CZE"]
[BlackTeamCountry "CZE"]

1. e4 e5 2. Bc4 Nc6 3. Nf3 g6 4. d3 Bg7 5. Ng5 Nh6 6. Nc3 Nd4 7. Be3 c6 8. a4 d6 9. h4 f6 10. Nh3 Be6 11. Bxe6 Nxe6 12. f3 f5 13. Ng5 Nxg5 14. Bxg5 Qb6 15. Qd2 f4 16. g3 Nf7 17. a5 Qc7 18. gxf4 h6 19. f5 hxg5 20. fxg6 Nd8 21. Qxg5 Ne6 22. Qg4 Nd4 23. Kd1 Qd7 24. Ne2 Nxe2 25. Kxe2 0-0-0 26. h5 Bh6 27. Rag1 Rhg8 28. Rh4 Rg7 29. Qxd7+ Kxd7 30. f4 exf4 31. Kf3 Rf8 32. Rgg4 Ke6 33. d4 Rh8 34. Rxf4 Bxf4 35. Kxf4 Rxg6 0-1

[Event "CZE-chT1E 1718"]
[Site "Czech Republic"]
[Date "2018.01.07"]
[Round "5.3"]
[White "Novotny, Josef1111"]
[Black "Chwistek, Karel"]
[Result "1-0"]
[WhiteElo "2060"]
[BlackElo "2015"]
[PlyCount "85"]
[EventDate "2017.10.22"]
[EventType "team-tourn"]
[EventRounds "11"]
[EventCountry "CZE"]
[SourceTitle "EXT 2019"]
[Source "ChessBase"]
[SourceDate "2018.10.10"]
[SourceVersion "1"]
[SourceVersionDate "2018.10.10"]
[SourceQuality "1"]
[WhiteTeam "Rychnov nad Kneznou"]
[BlackTeam "Opava KVS"]
[WhiteTeamCountry "CZE"]
[BlackTeamCountry "CZE"]

1. e3 d6 2. d3 e5 3. g3 g6 4. Bg2 Bg7 5. Ne2 f5 6. c3 Nf6 7. Na3 c6 8. b3 Be6 9. Bb2 Bd5 10. f3 Nbd7 11. e4 Be6 12. Nc4 Nb6 13. Ne3 0-0 14. exf5 gxf5 15. c4 e4 16. Nd4 Qe7 17. Bh3 exf3 18. Qxf3 Ng4 19. 0-0 Nxe3 20. Qxe3 Rae8 21. Qf2 Be5 22. Rae1 Qg7 23. Nxe6 Rxe6 24. d4 Rh6 25. dxe5 Rxh3 26. e6 Qg4 27. e7 Re8 28. Qxf5 Qxf5 29. Rxf5 Rh6 30. Ref1 Nd7 31. Rf7 Rg6 32. Kg2 a5 33. Kh3 Rh6+ 34. Kg4 Rg6+ 35. Kh5 b5 36. Rxh7 Rf6 37. Rh8+ Kxh8 38. Rxf6 Nxf6+ 39. Kg6 Kg8 40. Bxf6 bxc4 41. bxc4 d5 42. cxd5 cxd5 43. h4 1-0

[Event "CZE-ch U16"]
[Site "Kouty nad Desnou"]
[Date "2017.03.15"]
[Round "6"]
[White "Chwistek, Karel"]
[Black "Dolansky, Lukas"]
[Result "1/2-1/2"]
[WhiteElo "1969"]
[BlackElo "2017"]
[PlyCount "39"]
[EventDate "2017.03.11"]
[EventType "swiss"]
[EventRounds "9"]
[EventCountry "CZE"]
[SourceTitle "CBM 177 Extra"]
[Source "ChessBase"]
[SourceDate "2017.04.27"]
[SourceVersion "1"]
[SourceVersionDate "2017.04.27"]
[SourceQuality "1"]

1. e4 e5 2. Bc4 Nc6 3. Nf3 Bc5 4. c3 Nf6 5. d4 exd4 6. 0-0 Nxe4 7. cxd4 Bb6 8. Re1 0-0 9. Rxe4 d5 10. Bxd5 Qxd5 11. Nc3 Qd8 12. d5 Ne7 13. Bf4 Ng6 14. Qd2 Bf5 15. Rc4 Nxf4 16. Rxf4 Bg6 17. Rc4 Re8 18. a4 a5 19. Nb5 Be4 20. Rd1 1/2-1/2

[Event "CZE-ch U16"]
[Site "Kouty nad Desnou"]
[Date "2017.03.12"]
[Round "2"]
[White "Riha, Vojtech"]
[Black "Chwistek, Karel"]
[Result "1/2-1/2"]
[WhiteElo "2071"]
[BlackElo "1969"]
[PlyCount "56"]
[EventDate "2017.03.11"]
[EventType "swiss"]
[EventRounds "9"]
[EventCountry "CZE"]
[SourceTitle "CBM 177 Extra"]
[Source "ChessBase"]
[SourceDate "2017.04.27"]
[SourceVersion "1"]
[SourceVersionDate "2017.04.27"]
[SourceQuality "1"]

1. e4 c5 2. b4 cxb4 3. a3 e6 4. axb4 Bxb4 5. c3 Be7 6. d4 Nf6 7. Bd3 d6 8. f4 e5 9. Nf3 exd4 10. cxd4 0-0 11. 0-0 Nc6 12. Nbd2 Ng4 13. Qb3 d5 14. exd5 Nb4 15. Nc4 Nxd3 16. Qxd3 Nf6 17. d6 Bxd6 18. Nxd6 Qxd6 19. Ba3 Qxf4 20. Bxf8 Kxf8 21. Ne5 Qg5 22. Ra5 Kg8 23. Rc5 Be6 24. Nd7 Nd5 25. Qc4 Qe3+ 26. Kh1 Nb6 27. Nxb6 axb6 28. Qc3 Qxc3 1/2-1/2

[Event "EU-ch U16 26th"]
[Site "Prague"]
[Date "2016.08.25"]
[Round "7"]
[White "Lamblin, Jean"]
[Black "Chwistek, Karel"]
[Result "1/2-1/2"]
[WhiteElo "2090"]
[BlackElo "1961"]
[PlyCount "38"]
[EventDate "2016.08.18"]
[EventType "swiss"]
[EventRounds "9"]
[EventCountry "CZE"]
[SourceTitle "CBM 174 Extra"]
[Source "ChessBase"]
[SourceDate "2016.10.10"]
[SourceVersion "1"]
[SourceVersionDate "2016.10.10"]
[SourceQuality "1"]

1. d4 g6 2. c4 Bg7 3. Nf3 d6 4. Nc3 Nd7 5. g3 e5 6. Bg2 Nh6 7. 0-0 0-0 8. e4 c6 9. d5 c5 10. Bd2 f5 11. Qc1 Nf7 12. Ng5 Nxg5 13. Bxg5 Nf6 14. a3 b6 15. Qd2 Ba6 16. b3 Qd7 17. Bh3 Rae8 18. Rae1 Nh5 19. exf5 gxf5 1/2-1/2

[Event "EU-ch U16 26th"]
[Site "Prague"]
[Date "2016.08.18"]
[Round "1"]
[White "Ayats Llobera, Gerard"]
[Black "Chwistek, Karel"]
[Result "1/2-1/2"]
[WhiteElo "2290"]
[BlackElo "1961"]
[PlyCount "74"]
[EventDate "2016.08.18"]
[EventType "swiss"]
[EventRounds "9"]
[EventCountry "CZE"]
[SourceTitle "CBM 174 Extra"]
[Source "ChessBase"]
[SourceDate "2016.10.10"]
[SourceVersion "1"]
[SourceVersionDate "2016.10.10"]
[SourceQuality "1"]

1. e4 c5 2. Nf3 d6 3. d4 cxd4 4. Nxd4 Nf6 5. Nc3 g6 6. Be3 Bg7 7. Qd2 0-0 8. f3 Nc6 9. 0-0-0 d5 10. Qe1 e5 11. Nxc6 bxc6 12. exd5 Nxd5 13. Bc4 Be6 14. Bc5 Re8 15. h4 h6 16. h5 Qg5+ 17. Qd2 Qxd2+ 18. Rxd2 Nxc3 19. Bxe6 Rxe6 20. bxc3 e4 21. Bd4 exf3 22. gxf3 g5 23. f4 Bxd4 24. Rxd4 Rae8 25. Ra4 Re1+ 26. Rxe1 Rxe1+ 27. Kd2 Re7 28. Rc4 Rc7 29. Ke3 Kg7 30. Ke4 Kf6 31. Rc5 Re7+ 32. Kf3 gxf4 33. Rxc6+ Kg5 34. a4 Re3+ 35. Kf2 Kxh5 36. Rf6 Rxc3 37. Rxf7 Rxc2+ 1/2-1/2

[Event "Liptovsky Mikulas CupT U20"]
[Site "Liptovsky Mikulas"]
[Date "2016.06.22"]
[Round "3.1"]
[White "Szotkowski, David"]
[Black "Chwistek, Karel"]
[Result "0-1"]
[WhiteElo "1783"]
[BlackElo "1945"]
[PlyCount "88"]
[EventDate "2016.06.21"]
[EventType "team-swiss"]
[EventRounds "8"]
[EventCountry "SVK"]
[SourceTitle "CBM 173 Extra"]
[Source "ChessBase"]
[SourceDate "2016.08.29"]
[SourceVersion "1"]
[SourceVersionDate "2016.08.29"]
[SourceQuality "1"]
[WhiteTeam "V4 International"]
[BlackTeam "Opavsko (U20)"]
[WhiteTeamCountry "POL"]
[BlackTeamCountry "CZE"]

1. d4 Nf6 2. c4 e6 3. Nf3 b6 4. g3 Ba6 5. b3 Bb4+ 6. Nbd2 c5 7. Bg2 d5 8. 0-0 Bc3 9. Rb1 cxd4 10. Bb2 Nc6 11. Qc2 Nb4 12. Qd1 Rc8 13. Nxd4 Bxd4 14. Bxd4 0-0 15. a3 Nc6 16. Bxf6 Qxf6 17. cxd5 Nd4 18. Nc4 Rfd8 19. e4 exd5 20. exd5 Nxb3 21. Nxb6 axb6 22. Qxb3 Bxf1 23. Bxf1 Rd6 24. Bb5 Rc3 25. Re1 g6 26. Qa2 h5 27. Re4 Qf3 28. Re8+ Kg7 29. Qa1 Rf6 30. Qe1 Rxa3 31. Re3 Rxe3 32. Qxe3 Qxe3 33. fxe3 Rf3 34. d6 Rxe3 35. Kf2 Re6 36. d7 Rd6 37. Ke3 f6 38. Ba4 Kf7 39. Bb3+ Ke7 40. Bg8 Rxd7 41. h4 Ra7 42. Kf3 Ra3+ 43. Kf2 Rc3 44. Kg2 b5 0-1

[Event "Pobeskydy op"]
[Site "Frydek Mistek"]
[Date "2016.03.25"]
[Round "3"]
[White "Stepan, Patrik"]
[Black "Chwistek, Karel"]
[Result "1-0"]
[WhiteElo "2131"]
[BlackElo "1941"]
[PlyCount "57"]
[EventDate "2016.03.24"]
[EventType "swiss"]
[EventRounds "9"]
[EventCountry "CZE"]
[SourceTitle "CBM 171 Extra"]
[Source "ChessBase"]
[SourceDate "2016.04.26"]
[SourceVersion "1"]
[SourceVersionDate "2016.04.26"]
[SourceQuality "1"]

1. d4 Nf6 2. c4 e6 3. Nf3 b6 4. g3 Ba6 5. b3 Bb4+ 6. Bd2 Be7 7. Bg2 Bb7 8. 0-0 c5 9. Be3 cxd4 10. Bxd4 0-0 11. e3 Nc6 12. Bb2 d5 13. Qe2 dxc4 14. Rd1 Qc7 15. Qxc4 Rfd8 16. Nc3 Rac8 17. Rxd8+ Qxd8 18. Rd1 Qe8 19. Qe2 Nb4 20. Ne5 Nfd5 21. Nxd5 exd5 22. a3 Ba6 23. Qg4 Bf6 24. axb4 Rc2 25. Bxd5 Bxe5 26. Bxe5 Qxe5 27. Qd7 h6 28. Qxf7+ Kh7 29. Be6 1-0

[Event "Liptovsky Mikulas CupT U20"]
[Site "Liptovsky Mikulas"]
[Date "2015.06.27"]
[Round "5.2"]
[White "Tomcikova, Zuzana"]
[Black "Chwistek, Karel"]
[Result "0-1"]
[WhiteElo "1620"]
[BlackElo "1802"]
[PlyCount "90"]
[EventDate "2015.06.25"]
[EventType "team-swiss"]
[EventRounds "7"]
[EventCountry "SVK"]
[SourceTitle "CBM 167 Extra"]
[Source "ChessBase"]
[SourceDate "2015.09.14"]
[SourceVersion "1"]
[SourceVersionDate "2015.09.14"]
[SourceQuality "1"]
[WhiteTeam "Rajecke Teplice Girls (U18)"]
[BlackTeam "Opavsko (U18)"]
[WhiteTeamCountry "SVK"]
[BlackTeamCountry "CZE"]

1. e4 c5 2. Nc3 Nc6 3. Bb5 d6 4. f4 a6 5. Bxc6+ bxc6 6. d3 g6 7. Nf3 Bg7 8. 0-0 e6 9. Qe1 Ne7 10. Bd2 0-0 11. Rb1 d5 12. e5 a5 13. Na4 c4 14. d4 Nf5 15. Nc5 Qb6 16. Bc3 Rd8 17. g4 Ne7 18. Qh4 Qc7 19. Rbe1 Rf8 20. h3 Bb7 21. Ng5 h6 22. Ngxe6 fxe6 23. Nxe6 Qd7 24. Nxf8 Rxf8 25. Bxa5 c5 26. Bc3 Nc6 27. Qf2 cxd4 28. Bxd4 Nxd4 29. Qxd4 h5 30. Re2 hxg4 31. hxg4 Qxg4+ 32. Rg2 Qe6 33. a4 Rc8 34. a5 Ra8 35. Qb6 Bc6 36. a6 d4 37. Rg3 Qd5 38. Rff3 Qe4 39. Kf1 Rf8 40. f5 Rxf5 41. Rxf5 Qxf5+ 42. Kg1 Qe4 43. Qd8+ Bf8 44. a7 Qe1+ 45. Kh2 Qh1# 0-1

[Event "Liptovsky Mikulas CupT U20"]
[Site "Liptovsky Mikulas"]
[Date "2015.06.26"]
[Round "2.2"]
[White "Chwistek, Karel"]
[Black "Chrenko, Kristian"]
[Result "1-0"]
[WhiteElo "1802"]
[BlackElo "1922"]
[PlyCount "83"]
[EventDate "2015.06.25"]
[EventType "team-swiss"]
[EventRounds "7"]
[EventCountry "SVK"]
[SourceTitle "CBM 167 Extra"]
[Source "ChessBase"]
[SourceDate "2015.09.14"]
[SourceVersion "1"]
[SourceVersionDate "2015.09.14"]
[SourceQuality "1"]
[WhiteTeam "Opavsko (U18)"]
[BlackTeam "Nitra Junior (U18)"]
[WhiteTeamCountry "CZE"]
[BlackTeamCountry "SVK"]

1. e4 e5 2. Nf3 Nc6 3. Bc4 Bc5 4. c3 Nf6 5. d4 exd4 6. cxd4 Bb4+ 7. Bd2 Bxd2+ 8. Nbxd2 d5 9. exd5 Nxd5 10. 0-0 0-0 11. Re1 Bf5 12. Nb3 Nb6 13. Rc1 Nxc4 14. Rxc4 Be6 15. Rc3 Bxb3 16. Rxb3 Rb8 17. d5 Ne7 18. Rd3 Nf5 19. Ne5 Nd6 20. Qg4 f5 21. Qd4 a6 22. Rde3 Re8 23. Nd3 Rxe3 24. Qxe3 Qf6 25. Qe6+ Qxe6 26. dxe6 g6 27. Nc5 Re8 28. Nd7 Kg7 29. f3 b6 30. Kf2 Nb5 31. Kg3 Nd4 32. e7 g5 33. f4 h6 34. fxg5 hxg5 35. h4 f4+ 36. Kg4 f3 37. gxf3 gxh4 38. f4 Kf7 39. Ne5+ Kxe7 40. Nc6+ Kf6 41. Rxe8 Nxc6 42. Kxh4 1-0

[Event "Liptovsky Mikulas CupT U20"]
[Site "Liptovsky Mikulas"]
[Date "2015.06.26"]
[Round "3.2"]
[White "Gasa, Patrik"]
[Black "Chwistek, Karel"]
[Result "1-0"]
[WhiteElo "2100"]
[BlackElo "1802"]
[PlyCount "49"]
[EventDate "2015.06.25"]
[EventType "team-swiss"]
[EventRounds "7"]
[EventCountry "SVK"]
[SourceTitle "CBM 167 Extra"]
[Source "ChessBase"]
[SourceDate "2015.09.14"]
[SourceVersion "1"]
[SourceVersionDate "2015.09.14"]
[SourceQuality "1"]
[WhiteTeam "Osuske (U18)"]
[BlackTeam "Opavsko (U18)"]
[WhiteTeamCountry "SVK"]
[BlackTeamCountry "CZE"]

1. d4 Nf6 2. c4 g6 3. Nc3 Bg7 4. e4 d6 5. Be2 0-0 6. Bg5 Nbd7 7. Qd2 c5 8. d5 a6 9. Nf3 Rb8 10. a4 Ne5 11. Nxe5 dxe5 12. Bh6 Ne8 13. h4 f5 14. h5 Nf6 15. 0-0-0 Bd7 16. hxg6 hxg6 17. Qg5 Kf7 18. Bxg7 Kxg7 19. Rh6 Qe8 20. exf5 Bxf5 21. g4 Bxg4 22. Bd3 e4 23. Nxe4 Bxd1 24. Nd6 exd6 25. Rxg6+ 1-0

[Event "CZE-ch U14"]
[Site "Kouty nad Desnou"]
[Date "2015.03.08"]
[Round "2"]
[White "Miesbauer, Jan"]
[Black "Chwistek, Karel"]
[Result "1-0"]
[WhiteElo "2082"]
[BlackElo "1779"]
[PlyCount "79"]
[EventDate "2015.03.07"]
[EventType "swiss"]
[EventRounds "9"]
[EventCountry "CZE"]
[SourceTitle "EXT 2017"]
[Source "ChessBase"]
[SourceDate "2016.10.25"]
[SourceVersion "1"]
[SourceVersionDate "2016.10.25"]
[SourceQuality "1"]

1. e4 c5 2. Nf3 Nc6 3. d4 cxd4 4. Nxd4 g6 5. Nc3 Bg7 6. Be3 Nf6 7. Nb3 0-0 8. Be2 d6 9. f4 Be6 10. g4 Bxb3 11. axb3 a6 12. g5 Nd7 13. h4 b5 14. h5 Nc5 15. hxg6 fxg6 16. Bg4 e6 17. Qd2 Qe7 18. e5 Bxe5 19. fxe5 Nxe5 20. Be2 b4 21. Bxc5 bxc3 22. Qxc3 Rac8 23. Qxe5 Rxc5 24. Qe4 Re5 25. Qh4 Qb7 26. Ra4 a5 27. Rd4 d5 28. Rf4 Rxf4 29. Qxf4 Re4 30. Qf6 Qb4+ 31. c3 Rxe2+ 32. Kd1 Qe4 33. Qd8+ Kg7 34. Qe7+ Kg8 35. Qxh7+ Kf8 36. Qh8+ Ke7 37. Rh7+ Kd6 38. Qb8+ Kc5 39. Rc7+ Kd6 40. Rb7+ 1-0

[Event "Liptovsky Mikulas CupT U20"]
[Site "Liptovsky Mikulas"]
[Date "2014.06.22"]
[Round "6.1"]
[White "Jozefek, Michal"]
[Black "Chwistek, Karel"]
[Result "1-0"]
[WhiteElo "2162"]
[BlackElo "1708"]
[PlyCount "113"]
[EventDate "2014.06.19"]
[EventType "team-swiss"]
[EventRounds "7"]
[EventCountry "SVK"]
[SourceTitle "EXT 2015"]
[Source "ChessBase"]
[SourceDate "2014.11.20"]
[SourceVersion "1"]
[SourceVersionDate "2014.11.20"]
[SourceQuality "1"]
[WhiteTeam "Osuske (U18)"]
[BlackTeam "Opavsko (U18)"]
[WhiteTeamCountry "SVK"]
[BlackTeamCountry "CZE"]

1. d4 Nf6 2. c4 g6 3. Nc3 Bg7 4. e4 d6 5. Be2 0-0 6. Bg5 Nbd7 7. Qd2 c5 8. d5 Nb6 9. h4 Ng4 10. Rc1 Ne5 11. Nd1 Bg4 12. f3 Bd7 13. h5 a6 14. Bh6 Bxh6 15. Qxh6 g5 16. Qxg5+ Kh8 17. Ne3 Rg8 18. Qh4 f6 19. f4 Nf7 20. Nf3 Nh6 21. Nd2 Qc8 22. Rg1 Bg4 23. Bxg4 Nxg4 24. Nf5 Qd7 25. Rc3 e6 26. dxe6 Qxe6 27. Rg3 Rae8 28. Rxg4 Qxf5 29. Rxg8+ Kxg8 30. Kd1 Qe6 31. b3 Nd7 32. Re1 b5 33. Re3 Nb6 34. h6 Re7 35. Qh3 Qf7 36. Rg3+ Kh8 37. Qf5 Qf8 38. Qh5 bxc4 39. bxc4 Rf7 40. Rb3 Nd7 41. Rb7 Re7 42. Qf5 Qf7 43. Qd5 Kg8 44. Qxd6 a5 45. Ra7 Qe8 46. Rxa5 Re6 47. Ra8 Rxd6 48. Rxe8+ Kf7 49. Rd8 Ke7 50. Ra8 f5 51. e5 Rd4 52. g3 Rd3 53. Rg8 Nf8 54. Rg7+ Ke6 55. Ke2 Ra3 56. Nf3 Rxa2+ 57. Kd1 1-0

[Event "CZE-ch U14"]
[Site "Kouty nad Desnou"]
[Date "2014.03.08"]
[Round "1"]
[White "Wagner, Vojtech"]
[Black "Chwistek, Karel"]
[Result "1-0"]
[WhiteElo "1907"]
[BlackElo "1697"]
[PlyCount "93"]
[EventDate "2014.03.08"]
[EventType "swiss"]
[EventRounds "9"]
[EventCountry "CZE"]
[SourceTitle "EXT 2015"]
[Source "ChessBase"]
[SourceDate "2014.11.20"]
[SourceVersion "1"]
[SourceVersionDate "2014.11.20"]
[SourceQuality "1"]

1. e4 c5 2. Nf3 Nc6 3. d4 cxd4 4. Nxd4 g6 5. Nc3 Bg7 6. Be3 Nf6 7. Bc4 0-0 8. Bb3 Ng4 9. Qxg4 Nxd4 10. Qd1 Nxb3 11. axb3 b6 12. Qd5 Bxc3+ 13. bxc3 Qc7 14. 0-0 Bb7 15. Qd4 Rfc8 16. c4 e5 17. Qd3 Qc6 18. f3 a5 19. Kh1 Ba6 20. Rfd1 b5 21. c5 b4 22. Qd2 Bb5 23. Qe1 Rd8 24. Rd6 Qc7 25. Qg3 Re8 26. Qh4 Ra6 27. Rad1 Re6 28. R6d5 d6 29. R1d2 a4 30. bxa4 Bxa4 31. h3 b3 32. cxb3 Bxb3 33. R5d3 Bc4 34. Rc3 Bb5 35. Rb3 Ba4 36. Rb6 Rxb6 37. cxb6 Qd7 38. Rb2 Bc6 39. Bh6 Bb7 40. Ra2 f6 41. Be3 d5 42. exd5 Qxd5 43. Rd2 Qc6 44. Rd8+ Re8 45. Rxe8+ Qxe8 46. Qxf6 e4 47. Bh6 1-0